000 00819nam a2200253 i 4500
001 bg
245 0 _aPodstawy budownictwa.
_nCz. 2 /
_cCzesław Byrdy [i in.].
250 _aWyd. 2.
260 _aKraków :
_bPK,
_c1994.
300 _a263 s. :
_brys.
_c24 cm.
490 1 _aSkrypt / Politechnika Krakowska im. Tadeusza Kościuszki
504 _aBibliogr. s. 262-263.
521 _aSkrypt dla studentów wyższych szkół technicznych do przedmiotu Budownictwo ogólne.
650 9 _aStropy
_xbudownictwo
650 9 _aDach
_xbudownictwo
655 _aPodręczniki akademickie
700 1 _aBYRDY, Czesław.
830 0 _aSkrypt (Politechnika Krakowska im. Tadeusza Kościuszki)
040 _cBPK
041 0 _apl
080 _a69.024/.025(075.8)
942 _cKS
008 s pl f |000 0 pol
999 _c6675
_d6675
856 _uhttp://koha.tu.koszalin.pl/cgi-bin/koha/opac-detail.pl?biblionumber=6675
_yKatalog online BPK